Nylon Beatin kappaleita lyriikoiden mukaan - Statistics

Yleistilastot
  • Tätä visaa on pelattu 41 kertaa
  • Keskiarvotulos 4 / 13
Vastaustilastot
Sanat Kappale % Oikein
Herkän hahmos kaukaa näin
Sua ennen tuskin koskaan huomasin
Vaan nyt sua
Pois en koskaan päästäiskään
Rakastuin mä looseriin
76%
Hei sä auton kaadoit taas kun ootin suudelmaas sua aina jännittää Katson sua kun kentälle sä meet Viimeinen
76%
Mua naapurit haukkuu Kun yö on rauhaton Mut eihän mul oo koiraakaan Syytön
56%
Viime kesä sateinen, lähti kundifrendikin Ja mun pomo sanoi, tää on duunipäivä viimeinen Seksi vie ja taksi tuo
41%
Koulussa kanssas kun kohdattiin Minä ihastuin silmiis sinisiin Ja me yhdessä jäätiin jälkkäriin sun kaa Teflonlove
32%
Kaipaan sua, muutit mua Enää lapsi oo mä en Sinä kaiken tahdoit mulle opettaa Naparengas
29%
Liikaa sä sait Kun minua hait Onks sulla kaikkeen varaakaan? Anna mulle
24%
Yhden lankaan mä sain Toisen unohdin vain Kolmas kohteli kaltoin Sitä rakastin vain yhden illan 12 apinaa
21%
Korpin lentävän nään Salaisuus on ystävänään Se meille viestiä tuo Ja odottaa luo Nukutaan
9%
Tultiin ihan muuten vaan Kesken viikon bailaamaan Kun sul on asiaa Hei D.J.
3%
Jee, uskoin rauhaan ja rakkauteen Joo, olit vastaus mun kuumeeseen Rock ja muu sai mut luottamaan Valaistuu tahdoin uudestaan Psykedeliaa
3%
Halusin sua Vaikka kerroin sen niin Sä näpäytit kännyn kiin Hellästi hyväilit mua ja mä fiilikses vein Kun juorusin siskollein Sanoja
3%
Mä olen tähti joka laulaa Olen sun prinsessa ja miljonääri Vailla miljoonaa Valehtelija
3%
Ehtoja vastaavia visoja ei löytynyt
Tulosjakauma
Jokaisen tuloksen saaneiden osuus
Persentiili vastausten määrän mukaan
Tuloshistoriasi
Et ole pelannut tätä visaa